| 000 | 00741nam a22001937a 4500 | ||
|---|---|---|---|
| 003 | BD-DhUL | ||
| 005 | 20180522133736.0 | ||
| 008 | 180522s1933 ii ||||| |||| 00| 0 ben d | ||
| 040 |
_aBD-DhUL _cBD-DhUL |
||
| 082 |
_a891.443 _bSAA |
||
| 100 | 1 | _aরায়চৌধুরী, সরোজকুমার | |
| 245 | 0 | 0 |
_aআকাশ ও মৃত্তিকা / _cসরোজকুমার রায়চৌধুরী |
| 250 | _a১ম সং. | ||
| 260 |
_aকলিকাতা : _bগুরুদাস চট্টোপাধ্যায়, _c১৯৩৩। |
||
| 300 |
_a২৯২ পৃ. ; _c১৮ সেমি.। |
||
| 650 | 4 | _aবাংলা উপন্যাস | |
| 650 | 4 | _aBengali fiction | |
| 942 |
_2ddc _cBK |
||
| 999 |
_c241458 _d241458 |
||